书目信息 |
| 题名: |
超越IQ
|
|
| 作者: | 斯腾伯格 著 ;俞晓琳 , 吴国宏 译 | |
| 分册: | ||
| 出版信息: | 上海 华东师范大学出版社 2000 |
|
| 页数: | 464页 | |
| 开本: | 23cm | |
| 丛书名: | 当代心理科学名著译丛 | |
| 单 册: | ||
| 中图分类: | B848.5 | |
| 科图分类: | ||
| 主题词: | 智力 | |
| 电子资源: | ||
| ISBN: | 7-5617-2172-2 | |
| 000 | 00841nam2 2200265 45 | |
| 001 | 012000102382 | |
| 005 | 20041208104817.4 | |
| 010 | @a7-5617-2172-2@dCNY33.00 | |
| 100 | @a20000610d2000 em y0chiy0120 ea | |
| 101 | 1 | @achi@ceng |
| 102 | @aCN@b310000 | |
| 105 | @ay z 000yy | |
| 200 | 1 | @a超越IQ@Achao yue iq@e人类智力的三元理论@ERen Lei Zhi Li De San Yuan Li Lun@f(美)R·J·斯腾伯格著@F(Mei)R·J·Si Teng Bo Ge Zhu@g俞晓琳,吴国宏译 |
| 210 | @a上海@c华东师范大学出版社@d2000 | |
| 215 | @a464页@d23cm | |
| 225 | 2 | @a当代心理科学名著译丛 |
| 410 | 0 | @12001 @a当代心理科学名著译丛 |
| 517 | 1 | @a人类智力的三元理论 |
| 606 | @a智力 | |
| 690 | @aB848.5@v4 | |
| 701 | 0 | @a斯腾伯格@4著 |
| 702 | 0 | @a俞晓琳@Ayu xiao lin@4译 |
| 702 | 0 | @a吴国宏@Awu guo hong@4译 |
| 801 | @aCN@bTSTC@c20020411 | |
| 905 | @b307523-525@dB848.5@e348@f3 | |
| 超越IQ:人类智力的三元理论/(美)R·J·斯腾伯格著/俞晓琳,吴国宏译.-上海:华东师范大学出版社,2000 |
| 464页;23cm.-(当代心理科学名著译丛) |
| ISBN 7-5617-2172-2:CNY33.00 |
| ● |
| 相关链接 |
|
|
|
|
正题名:超越IQ
索取号:B848.5/348
 
预约/预借
| 序号 | 登录号 | 条形码 | 馆藏地/架位号 | 状态 | 备注 |
| 1 | 0307523 | 203075233 | 密集书库/ [索取号:B848.5/348] | 在馆 | |
| 2 | 0307524 | 203075242 | 密集书库/ [索取号:B848.5/348] | 在馆 | |
| 3 | 0307525 | 203075251 | 第一样本阅览室/ [索取号:B848.5/348] | 在馆 | |
| 4 | 0315411 | 203154111 | 密集书库/ [索取号:B848.5/348] | 在馆 | |
| 5 | 0315412 | 203154120 | 密集书库/ [索取号:B848.5/348] | 在馆 | |
| 6 | 0315413 | 203154139 | 密集书库/ [索取号:B848.5/348] | 在馆 | |
| 7 | 0356888 | 3568883 | 第一借阅区/ [索取号:B848.5/348] | 在馆 | |
| 8 | 0356889 | 3568892 | 第一借阅区/ [索取号:B848.5/348] | 在馆 | |
| 9 | 0356890 | 3568909 | 第一借阅区/ [索取号:B848.5/348] | 在馆 |